La investigación en la empresa / (Record no. 52107)

MARC details
000 -LEADER
campo de control de longitud fija 00803nam a2200205 i 4500
001 - NÚMERO DE CONTROL
campo de control 52107
003 - IDENTIFICADOR DE NÚMERO DE CONTROL
campo de control ES-MaACL
005 - FECHA Y HORA DE LA ÚLTIMA TRANSACCIÓN
campo de control 20230906162523.0
007 - CAMPO FIJO DE DESCRIPCIÓN FÍSICA--INFORMACIÓN GENERAL
campo de control de longitud fija t|
008 - DATOS DE LONGITUD FIJA--INFORMACIÓN GENERAL
campo de control de longitud fija 030825s1964 sp ||||1| spa d
100 1# - ENTRADA PRINCIPAL--NOMBRE DE PERSONA
Nombre de persona Chorafas, Dimitris N.
9 (RLIN) 38615
245 13 - MENCIÓN DEL TÍTULO
Título La investigación en la empresa /
Mención de responsabilidad, etc. Dimitris N. Chorafas ; traducción del francés por Armando Suárez Franck ; prólogo a la edición española por Vicente Rogla Altet.
260 ## - PUBLICACIÓN, DISTRIBUCIÓN, ETC.
Lugar de publicación, distribución, etc. [Madrid] :
Nombre del editor, distribuidor, etc. Aguilar,
Fecha de publicación, distribución, etc. 1964.
490 1# - MENCIÓN DE SERIE
Mención de serie Biblioteca de economía, organización y problemas de la empresa
700 1# - ENTRADA AGREGADA--NOMBRE PERSONAL
Nombre de persona Suárez Franck, Armando.
9 (RLIN) 108620
700 1# - ENTRADA AGREGADA--NOMBRE PERSONAL
Nombre de persona Rogla Altet, Vicente.
9 (RLIN) 98958
830 0# - PUNTO DE ACCESO ADICIONAL DE SERIE-TÍTULO UNIFORME
Título uniforme Biblioteca de economía, organización y problemas de la empresa
9 (RLIN) 181610
852 ## - LOCALIZACIÓN
Ubicación ES-MaACL
Número de control de estantería C-25899
Sublocalización o colección R.54790
Holdings
Estatus retirado Estado de pérdida Estado de daño No para préstamo Biblioteca de origen Biblioteca actual Ubicación en estantería Fecha de adquisición Fuente de adquisición Total de préstamos Signatura topográfica completa Código de barras Visto por última vez Precio de reemplazo Tipo de ítem Koha
        Biblioteca del Ateneo de Madrid Biblioteca del Ateneo de Madrid Depósito 2 17/01/2008     C-25899 1054782 23/02/2023 23/02/2023 Libro impreso